00901nam a2200205 a 450000100100000000500170001000800410002704000250006808200150009310000320010824501090014026000660024930000360031550000350035170000390038604900090042595201190043495201250055399900170067800002269020200930021736.0101115s1971 mx c r 001 0 spa d aDO-SdBNPbspacBNPHU axxxxbJ48n1 aJelliffe, Derrick B.94665710aNutrición infantil en paises en desarrollo /cDerrick B. Jelliffe ; traducción Antonio Bosch Tejeda. aMéxico, D. F. :bCentro Regional de Ayuda Técnico,c1971. avii, 263 p. :bretrs. ;c22 cm. aIncluye índice alfabético.1 aBosch Tejeda, Antonio,etr.946658 aBNGR 001054708MOaGRbGRcCTd2010-11-15iLF1l0oxxxx J48np22690-10r2020-06-25w2020-06-25y4ZPréstamo en sala 001054728MOaGRbGRcCTd2010-11-16iLF1l0oxxxx J48np22690-20r2020-06-25te. 2w2020-06-25y4ZPréstamo en sala c22187d22187